LEADER 02636nam 2200637 450 001 9910146337903321 005 20230617035336.0 010 $a88-8453-220-5 035 $a(CKB)1000000000280303 035 $a(ItFiC)it04678362 035 $a(MH)011326333-3 035 $a(SSID)ssj0000576984 035 $a(PQKBManifestationID)12248037 035 $a(PQKBTitleCode)TC0000576984 035 $a(PQKBWorkID)10559031 035 $a(PQKB)10583695 035 $a(EXLCZ)991000000000280303 100 $a20060828d2004 uy 0 101 0 $aeng 135 $aur||||||||||| 181 $ctxt$2rdacontent 182 $cn$2rdamedia 183 $anc$2rdacarrier 200 00$aTRIZ future conference $eFlorence, 3-5 November 2004 /$fedited by Gaetano Cascini 210 1$aFirenze :$cFirenze university press,$d2004. 215 $a1 online resource (viii, 525 pages) $cillustrations; digital, PDF file(s) 225 1 $aAtti ;$v16 300 $aProceedings. 311 08$aPrint version: 8884532213 320 $aIncludes bibliographical references. 330 $aTRIZ the Theory of Inventive Problem Solving is a living science and a practical methodology: millions of patents have been examined to look for principles of innovation and patterns of excellence. Large and small companies are using TRIZ to solve problems and to develop strategies for future technologies. The TRIZ Future Conference is the annual meeting of the European TRIZ Association, with contributions from everywhere in the world. The aims of the 2004 edition are the integration of TRIZ with other methodologies and the dissemination of systematic innovation practices even through SMEs: a broad spectrum of subjects in several fields debated with experts, practitioners and TRIZ newcomers. 410 0$aAtti (Firenze University Press) ;$v16. 606 $aInventions$vCongresses 606 $aCreative thinking$vCongresses 606 $aTechnological innovations$vCongresses 606 $aTRIZ theory$vCongresses 606 $aInventions$vCongresses 606 $aCreative thinking$vCongresses 606 $aTechnological innovations$vCongresses 615 0$aInventions 615 0$aCreative thinking 615 0$aTechnological innovations 615 0$aTRIZ theory 615 0$aInventions 615 0$aCreative thinking 615 0$aTechnological innovations 676 $a608 702 $aCascini$b Gaetano 801 0$bItFiC 801 1$bItFiC 801 2$bMH 801 2$bUkMaJRU 906 $aBOOK 912 $a9910146337903321 996 $aTRIZ future conference$92149110 997 $aUNINA